00549nam a2200205 a 450000100060000000300080000600500170001400800410003102000150007203500190008704000270010604100080013308200240014110000260016524500500019126000390024130000320028035000110031265000200032355173BD-RjUL20211209080227.0161114s1971 enka 001 0 eng  a041210590X a(BD-RjUL)55295 aDLCcDLCdBD-RjULbeng aeng00223a536.7bRAG 19711 aRamsay, James Arthur.12aA guide to thermodynamics /cby J. A. Ramsay. aLondon :bChapman and Hall,c1971. ax, 211 p. :bill. ;c20 cm. a£2.75 0aThermodynamics.